El gato y el canario (Record no. 114942)

MARC details
000 -LEADER
campo de control de longitud fija 00998nam a2200265 i 4500
001 - NÚMERO DE CONTROL
campo de control 114942
003 - IDENTIFICADOR DE NÚMERO DE CONTROL
campo de control ES-MaACL
005 - FECHA Y HORA DE LA ÚLTIMA TRANSACCIÓN
campo de control 20260315204631.0
007 - CAMPO FIJO DE DESCRIPCIÓN FÍSICA--INFORMACIÓN GENERAL
campo de control de longitud fija t|
008 - DATOS DE LONGITUD FIJA--INFORMACIÓN GENERAL
campo de control de longitud fija 070213s1930 sp ||||1| spa d
080 ## - NÚMERO DE LA CLASIFICACIÓN DECIMAL UNIVERSAL
Número de la Clasificación Decimal Universal 821.111(73)-23"19"
100 1# - ENTRADA PRINCIPAL--NOMBRE DE PERSONA
Nombre de persona Willard, John.
9 (RLIN) 116882
245 13 - MENCIÓN DEL TÍTULO
Título El gato y el canario
Resto del título : melodrama de la alta sociedad norteamericana, en tres actos /
Mención de responsabilidad, etc. John Willard ; traducida por José Luis Salado y F. Pérez de la Vega ; dibujos de Alonso.
260 ## - PUBLICACIÓN, DISTRIBUCIÓN, ETC.
Lugar de publicación, distribución, etc. Madrid :
Nombre del editor, distribuidor, etc. Rivadeneyra,
Fecha de publicación, distribución, etc. 1930.
300 ## - DESCRIPCIÓN FÍSICA
Extensión 60 p. :
Otras características físicas il. ;
Dimensiones 17 cm.
490 1# - MENCIÓN DE SERIE
Mención de serie La Farsa ;
Designación de volumen o secuencia 124
500 ## - NOTA GENERAL
Nota general Estrenada en el teatro Alkázar, de Madrid, el día 17 de octubre de 1929.
500 ## - NOTA GENERAL
Nota general Cubierta de este número: Malvaloca de los Hermanos Quintero.
700 1# - ENTRADA AGREGADA--NOMBRE PERSONAL
Nombre de persona Salado, José Luis.
9 (RLIN) 101696
700 1# - ENTRADA AGREGADA--NOMBRE PERSONAL
Nombre de persona Pérez de la Vega, F.
9 (RLIN) 90786
700 0# - ENTRADA AGREGADA--NOMBRE PERSONAL
Nombre de persona Alonso
Títulos y otros términos asociados al nombre (ilustrador)
9 (RLIN) 20301
830 0# - PUNTO DE ACCESO ADICIONAL DE SERIE-TÍTULO UNIFORME
Título uniforme La Farsa ;
Designación de volumen o secuencia 124
9 (RLIN) 185863
852 ## - LOCALIZACIÓN
Ubicación ES-MaACL
Número de control de estantería C-13201
Holdings
Estatus retirado Estado de pérdida Estado de daño No para préstamo Biblioteca de origen Biblioteca actual Ubicación en estantería Fecha de adquisición Fuente de adquisición Total de préstamos Signatura topográfica completa Código de barras Visto por última vez Precio de reemplazo Tipo de ítem Koha
        Biblioteca del Ateneo de Madrid Biblioteca del Ateneo de Madrid Sala Palomar 17/01/2008     C-13201 1119863 23/02/2023 23/02/2023 Libro impreso